PRINCIPLES OF DATA -BASE MANAGEMENT (Record no. 12823)

MARC details
000 -LEADER
fixed length control field 00334nam a22001457a 4500
003 - CONTROL NUMBER IDENTIFIER
control field SGT
082 ## - DEWEY DECIMAL CLASSIFICATION NUMBER
Classification number 658
Item number P98M
100 ## - MAIN ENTRY--PERSONAL NAME
Personal name MARTIN,JAMES
245 ## - TITLE STATEMENT
Title PRINCIPLES OF DATA -BASE MANAGEMENT
250 ## - EDITION STATEMENT
Edition statement 10TH
260 ## - PUBLICATION, DISTRIBUTION, ETC. (IMPRINT)
Place of publication, distribution, etc NEW DELHI
Name of publisher, distributor, etc PRENTICE HALL OF INDIA
Year of Publication 2002
300 ## - PAGE DESCRIPTION
No. of Pages 358
650 ## - SUBJECT ADDED ENTRY--TOPICAL TERM
Topical term or geographic name as entry element MASS COMMUNICATION
942 ## - ADDED ENTRY ELEMENTS (KOHA)
Source of classification or shelving scheme Dewey Decimal Classification
Koha item type Books
Holdings
Withdrawn status Lost status Source of classification or shelving scheme Damaged status Not for loan Collection code Home library Current library Shelving location Date acquired Vendor Name Cost, normal purchase price SGTU Bill Number Total Checkouts Full call number Accession No. (Barcode) Date last seen Bill Date Koha item type
    Dewey Decimal Classification     MASS COMMUNICATION SGT Science & Social Sciences Library SGT Science & Social Sciences Library On Display 05/08/2017 AHUJA BOOKS PUBLISHER 150.00 SGTU 6770   658 P98M MC88 05/08/2017 19/03/2016 Books